[Event "II. CLANSKA LIGA ZAHOD 2018"]
[Site "Komenda"]
[Date "2018.11.10"]
[Round "2.1"]
[White "Juranic, Bruno"]
[Black "Rojs, Igor"]
[Result "0-1"]
[WhiteElo "2123"]
[BlackElo "2007"]
[PlyCount "172"]
[EventDate "2018.11.10"]
[WhiteTeam "SD MATRIKA STARI TRG OB KOLPI"]
[BlackTeam "SK TRZIN"]

1. e4 e5 2. Nf3 Nf6 3. d4 Nxe4 4. Bd3 d5 5. dxe5 Nc5 6. Nc3 c6 7. Ng5 Nxd3+ 8.
Qxd3 h6 9. Nf3 g6 10. Nd4 Bg7 11. f4 Qh4+ 12. g3 Qh3 13. Bd2 Bg4 14. Nce2 Na6
15. O-O-O Nc5 16. Qa3 Ne4 17. Be3 Bf8 18. Qa4 Bc5 19. Rde1 O-O 20. Qb3 Rab8 21.
f5 g5 22. e6 Bxf5 23. exf7+ Rxf7 24. Nxf5 Qxf5 25. Bxc5 Nxc5 26. Qe3 b6 27. h4
Ne4 28. hxg5 Qxg5 29. Nf4 Kh7 30. Ne6 Qxe3+ 31. Rxe3 Rg8 32. Nd4 Nxg3 33. Rhe1
c5 34. Nc6 Nf5 35. Re6 d4 36. Rh1 Rfg7 37. Kd2 a5 38. Ne5 Re7 39. Rxe7+ Nxe7
40. Nd7 Rg2+ 41. Kd3 Nc8 42. Nf8+ Kg8 43. Ne6 Rg6 44. Nf4 Rf6 45. Ke4 Kf7 46.
Nd5 Re6+ 47. Kd3 Kg7 48. Rg1+ Rg6 49. Re1 Kf7 50. Rf1+ Ke8 51. Rh1 Kd7 52. Nf4
Rf6 53. Nd5 Rf5 54. c4 dxc3 55. Nxc3 h5 56. Ne4 Nd6 57. Nxd6 Kxd6 58. Ke4 Re5+
59. Kd3 Kd5 60. b3 b5 61. Rh4 Rg5 62. a4 c4+ 63. Kc2 cxb3+ 64. Kxb3 bxa4+ 65.
Rxa4 Ke6 66. Kc3 Kf6 67. Kd3 Re5 68. Rf4+ Kg5 69. Rf8 Kg4 70. Kd4 Rf5 71. Rg8+
Rg5 72. Rf8 Kg3 73. Ke3 Re5+ 74. Kd4 Rb5 75. Ke3 Rb3+ 76. Ke2 h4 77. Rg8+ Kh2
78. Rg4 Rb4 79. Rg5 a4 80. Kf2 Rb2+ 81. Kf3 a3 82. Rg4 h3 83. Rc4 a2 84. Rc1
Rb3+ 85. Kf4 Rb1 86. Rc2+ Kg1 0-1

[Event "II. CLANSKA LIGA ZAHOD 2018"]
[Site "Komenda"]
[Date "2018.11.10"]
[Round "2.2"]
[White "Borisek, Anze"]
[Black "Baric, Dusan"]
[Result "1-0"]
[WhiteElo "1916"]
[BlackElo "2091"]
[PlyCount "127"]
[EventDate "2018.11.10"]
[WhiteTeam "SK TRZIN"]
[BlackTeam "SD MATRIKA STARI TRG OB KOLPI"]

1. f4 d5 2. Nf3 c5 3. b3 Nf6 4. e3 Nc6 5. Bb2 e6 6. Be2 Be7 7. O-O O-O 8. Ne5
Qc7 9. Nxc6 Qxc6 10. Bf3 b6 11. d3 Bb7 12. Nd2 Qc7 13. Qe1 Rfd8 14. Be5 Qd7 15.
Qg3 Ne8 16. e4 f6 17. Bb2 d4 18. a4 a6 19. Nc4 Qc7 20. e5 f5 21. a5 b5 22. Nb6
Rab8 23. Qh3 Bxf3 24. Rxf3 Bf8 25. Bc1 Qf7 26. Bd2 Nc7 27. g4 g6 28. Qg2 Nd5
29. h4 Kh8 30. Kf2 Be7 31. Nxd5 Rxd5 32. g5 h5 33. gxh6 Bxh4+ 34. Ke2 Kh7 35.
Rh1 Be7 36. Rg3 Rg8 37. Rg1 Bh4 38. Rh3 Bd8 39. Kd1 b4 40. Be1 Bxa5 41. Bh4 Bd8
42. Bxd8 Rgxd8 43. Rg3 Rg8 44. Qh2 Qb7 45. Qh4 Qf7 46. R3g2 Rd7 47. Qh3 Ra7 48.
Qh4 a5 49. Kd2 Qe7 50. Qh3 a4 51. bxa4 Rxa4 52. Qf3 Ra2 53. Rb1 g5 54. fxg5
Rxg5 55. Rbg1 Rxg2+ 56. Rxg2 Kh8 57. Qc6 Qf8 58. Qxe6 b3 59. Kc1 Rxc2+ 60. Rxc2
bxc2 61. Qf6+ Qxf6 62. exf6 Kg8 63. Kxc2 f4 64. Kd2 1-0

[Event "II. CLANSKA LIGA ZAHOD 2018"]
[Site "Komenda"]
[Date "2018.11.10"]
[Round "2.3"]
[White "Kobe, Uros"]
[Black "Rijavec, Stane"]
[Result "1-0"]
[WhiteElo "2046"]
[BlackElo "1868"]
[PlyCount "71"]
[EventDate "2018.11.10"]
[WhiteTeam "SD MATRIKA STARI TRG OB KOLPI"]
[BlackTeam "SK TRZIN"]

1. e4 c5 2. Nc3 d6 3. g3 Nf6 4. Bg2 e6 5. Nge2 a6 6. O-O Be7 7. a4 O-O 8. h3
Nc6 9. Kh2 Qc7 10. f4 Rb8 11. g4 b5 12. axb5 axb5 13. Ng3 b4 14. Nce2 Ne8 15.
d3 Bh4 16. Be3 g6 17. f5 g5 18. fxe6 Bxe6 19. Kh1 Ne5 20. Nh5 Rd8 21. Qd2 h6
22. c4 bxc3 23. Nxc3 Rb8 24. Nd5 Qb7 25. Rab1 Qb3 26. Nc3 Qb7 27. Bg1 Qa6 28.
d4 cxd4 29. Qxd4 Bc4 30. Rfd1 Rd8 31. b4 Be6 32. b5 Qb7 33. Ra1 Nxg4 34. hxg4
Bxg4 35. Nf6+ Nxf6 36. Qxf6 1-0

[Event "II. CLANSKA LIGA ZAHOD 2018"]
[Site "Komenda"]
[Date "2018.11.10"]
[Round "2.4"]
[White "Banfi, Gregor"]
[Black "Bedic, Slavko"]
[Result "0-1"]
[WhiteElo "1673"]
[BlackElo "1852"]
[PlyCount "106"]
[EventDate "2018.11.10"]
[WhiteTeam "SK TRZIN"]
[BlackTeam "SD MATRIKA STARI TRG OB KOLPI"]

1. e4 c5 2. Nf3 d6 3. d4 cxd4 4. Nxd4 Nf6 5. Nc3 g6 6. Bc4 Bg7 7. Be3 Nc6 8.
Qd2 O-O 9. f3 Bd7 10. Bb3 Rc8 11. O-O-O Ne5 12. Bh6 Nc4 13. Bxc4 Rxc4 14. Bxg7
Kxg7 15. h4 h5 16. g4 hxg4 17. h5 Rh8 18. hxg6 fxg6 19. Nd5 gxf3 20. Nxf6 exf6
21. c3 Rc5 22. Nxf3 Bg4 23. Nd4 Re5 24. Rde1 Qe8 25. Rhg1 Rxe4 26. Rxe4 Qxe4
27. Re1 Rh1 28. Rxh1 Qxh1+ 29. Kc2 Qe4+ 30. Kc1 a6 31. b3 Bh3 32. Qh2 Qd3 33.
Kb2 d5 34. b4 g5 35. Qh1 Qd2+ 36. Kb3 Qg2 37. Qe1 Qe4 38. Qg3 Qg4 39. Qd6 Qd7
40. Qg3 Kg6 41. Qf3 Bf5 42. Qh1 Be4 43. Qh2 f5 44. Qe5 Qg7 45. Qg3 Qf6 46. b5
f4 47. Qg1 Qb6 48. a4 Qc5 49. Qxg5+ Kxg5 50. Ne6+ Kg4 51. Nxc5 f3 52. Nxb7 axb5
53. axb5 f2 0-1

[Event "II. CLANSKA LIGA ZAHOD 2018"]
[Site "Komenda"]
[Date "2018.11.10"]
[Round "2.5"]
[White "Danculovic, Jovica"]
[Black "Bajec, Borut"]
[Result "0-1"]
[WhiteElo "1798"]
[BlackElo "1780"]
[PlyCount "70"]
[EventDate "2018.11.10"]
[WhiteTeam "SD MATRIKA STARI TRG OB KOLPI"]
[BlackTeam "SK TRZIN"]

1. e4 c5 2. c3 d5 3. exd5 Qxd5 4. d4 cxd4 5. cxd4 Nc6 6. Nf3 Bg4 7. Be2 e6 8.
O-O Nf6 9. h3 Bh5 10. Nc3 Qd8 11. Be3 Be7 12. Qb3 Rb8 13. Rfd1 O-O 14. d5 Na5
15. Qb5 a6 16. Qd3 Bg6 17. Qd2 exd5 18. Nxd5 Nc6 19. Nxe7+ Qxe7 20. Rac1 Ne4
21. Qd7 Qf6 22. Bd4 Nxd4 23. Qxd4 Qe7 24. Qe5 Qb4 25. Rc4 Qb6 26. Rxe4 Bxe4 27.
Qxe4 Rfe8 28. Qf4 Rbc8 29. Bc4 Re7 30. Ng5 Qf6 31. Qg4 Rce8 32. Bxf7+ Rxf7 33.
Nxf7 Qxf7 34. Qd7 Re1+ 35. Kh2 Qf4+ 0-1

[Event "II. CLANSKA LIGA ZAHOD 2018"]
[Site "Komenda"]
[Date "2018.11.10"]
[Round "2.6"]
[White "Konvalinka, Kostja"]
[Black "Brgan, Niko"]
[Result "0-1"]
[WhiteElo "1723"]
[BlackElo "2079"]
[PlyCount "74"]
[EventDate "2018.11.10"]
[WhiteTeam "SK TRZIN"]
[BlackTeam "SD MATRIKA STARI TRG OB KOLPI"]

1. e4 e5 2. Nf3 Nc6 3. Bc4 Bc5 4. c3 Nf6 5. d4 exd4 6. cxd4 Bb4+ 7. Nc3 Nxe4 8.
O-O Bxc3 9. d5 Ne7 10. bxc3 O-O 11. Re1 Nd6 12. Bd3 Ng6 13. Ba3 Qf6 14. c4 b6
15. Qc2 Ba6 16. Bb2 Qf4 17. Bc1 Qg4 18. h3 Qh5 19. Kh2 f5 20. Ba3 Nf4 21. Bxd6
cxd6 22. Re3 Rac8 23. Qa4 Nxd3 24. Qxa6 Nxf2 25. Kg1 f4 26. Re7 Nxh3+ 27. Kf1
Ng5 28. Nxg5 Qxg5 29. Rae1 f3 30. gxf3 Rxf3+ 31. Ke2 Qxe7+ 32. Kd2 Qg5+ 33. Kd1
Rd3+ 34. Kc2 Qd2+ 35. Kb1 Qxe1+ 36. Kc2 Qc3+ 37. Kb1 Rd1# 0-1

[Event "II. CLANSKA LIGA ZAHOD 2018"]
[Site "Komenda"]
[Date "2018.11.10"]
[Round "2.1"]
[White "Persl, Bojan"]
[Black "Siraj, Anej"]
[Result "1-0"]
[WhiteElo "2080"]
[BlackElo "1905"]
[PlyCount "119"]
[EventDate "2018.11.10"]
[WhiteTeam "SK LJUBLJANA"]
[BlackTeam "SD VRHNIKA"]

1. e4 c5 2. Nf3 d6 3. d4 cxd4 4. Nxd4 Nf6 5. Nc3 g6 6. Bc4 Bg7 7. Bb3 Nc6 8.
Nde2 O-O 9. h4 Na5 10. Bg5 Nxb3 11. axb3 h6 12. Be3 Bd7 13. f3 a6 14. Qd2 h5
15. Bh6 b5 16. Bxg7 Kxg7 17. Nd4 Qc7 18. b4 Rfc8 19. Ra3 Qc4 20. Rb3 Qc7 21.
O-O Qb6 22. Qf2 Qa7 23. Ra3 Rc4 24. Nde2 Qxf2+ 25. Kxf2 a5 26. Rfa1 a4 27. b3
Rc7 28. bxa4 bxa4 29. Ke3 Rb8 30. Rb1 e6 31. Kd3 Rcb7 32. Na2 d5 33. e5 Bb5+
34. Kd2 Nd7 35. f4 Nb6 36. Rc3 Nc4+ 37. Kd1 f6 38. Nd4 Bd7 39. Nf3 Rf8 40. Nc1
fxe5 41. fxe5 Rf5 42. Nd3 Ne3+ 43. Kd2 Nxg2 44. Nc5 Ra7 45. Nxd7 Rxd7 46. b5
Nf4 47. b6 Rff7 48. Nd4 Rb7 49. Rf3 Kh6 50. Nc6 Rf8 51. Na5 Rbb8 52. b7 a3 53.
Rxa3 Rf7 54. Rc3 Ng2 55. Rc8 Rf2+ 56. Kc1 Rf1+ 57. Kb2 Rf8 58. Rxf8 Rxf8 59.
Kc3 Rf3+ 60. Kd4 1-0

[Event "II. CLANSKA LIGA ZAHOD 2018"]
[Site "Komenda"]
[Date "2018.11.10"]
[Round "2.2"]
[White "Novak, Robert"]
[Black "Trussevich, Simon"]
[Result "0-1"]
[WhiteElo "1696"]
[BlackElo "2009"]
[PlyCount "124"]
[EventDate "2018.11.10"]
[WhiteTeam "SD VRHNIKA"]
[BlackTeam "SK LJUBLJANA"]

1. d4 d5 2. c4 e6 3. Nc3 Nf6 4. Bg5 Be7 5. e3 O-O 6. Nf3 b6 7. cxd5 exd5 8. Bd3
Bb7 9. O-O h6 10. Bh4 c5 11. Re1 c4 12. Bb1 Nc6 13. Ne5 a6 14. Bxf6 Bxf6 15.
Qc2 Re8 16. f4 b5 17. a3 b4 18. axb4 Nxb4 19. Qa4 Qd6 20. Rf1 Bc6 21. Qd1 Bd8
22. Qh5 Re7 23. Rf3 Nd3 24. Nxd3 cxd3 25. Bxd3 a5 26. Qf5 g6 27. Qh3 Kh7 28. f5
f6 29. fxg6+ Kg7 30. Raf1 Rb7 31. Rf4 Be7 32. Rh4 Rh8 33. Nd1 Bb5 34. Qf5 Bxd3
35. Qxd3 Rhb8 36. e4 f5 37. e5 Qxg6 38. Rhf4 Rf8 39. Rxf5 Rxf5 40. Qxf5 Qxf5
41. Rxf5 Rb4 42. Rf4 Bg5 43. Rg4 Kg6 44. Nc3 Kf5 45. h3 h5 46. Rg3 Rxd4 47. e6
Be7 48. Re3 Rd2 49. Na4 d4 50. Re1 d3 51. Kf1 Rc2 52. Rd1 Ke4 53. Re1+ Kd4 54.
b3 d2 55. Rd1 Kd3 56. Kf2 Ba3 57. g4 hxg4 58. hxg4 Rc1 59. b4 Rxd1 60. Nc5+ Kc4
61. Ke2 Ra1 62. Kxd2 Bxb4+ 0-1

[Event "II. CLANSKA LIGA ZAHOD 2018"]
[Site "Komenda"]
[Date "2018.11.10"]
[Round "2.3"]
[White "Zmavc, Mark"]
[Black "Siraj, Svit"]
[Result "1-0"]
[WhiteElo "1727"]
[BlackElo "1713"]
[PlyCount "47"]
[EventDate "2018.11.10"]
[WhiteTeam "SK LJUBLJANA"]
[BlackTeam "SD VRHNIKA"]

1. d4 d5 2. c4 e6 3. Nc3 Nf6 4. cxd5 exd5 5. Bg5 Bb4 6. Qa4+ Nc6 7. e3 O-O 8.
Bd3 Bd7 9. Qc2 h6 10. Bh4 Re8 11. Nge2 Qe7 12. O-O Qe6 13. Nf4 Qg4 14. Bxf6
Bxc3 15. h3 Nxd4 16. Bxd4 Qg5 17. Qxc3 Rac8 18. b4 a5 19. b5 c5 20. bxc6 Rxc6
21. Qxa5 Qe7 22. Qxd5 Be6 23. Nxe6 Qxe6 24. Qe4 1-0

[Event "II. CLANSKA LIGA ZAHOD 2018"]
[Site "Komenda"]
[Date "2018.11.10"]
[Round "2.4"]
[White "Siraj, Vita"]
[Black "Sivcevic, Nusret"]
[Result "0-1"]
[WhiteElo "1404"]
[BlackElo "1748"]
[PlyCount "94"]
[EventDate "2018.11.10"]
[WhiteTeam "SD VRHNIKA"]
[BlackTeam "SK LJUBLJANA"]

1. d4 f5 2. Nf3 Nf6 3. e3 e6 4. Bd3 b6 5. c4 Bb4+ 6. Bd2 Qe7 7. O-O Bb7 8. Nc3
g5 9. d5 Na6 10. Re1 Rg8 11. a3 Nc5 12. Bc2 Bxc3 13. Bxc3 g4 14. Ne5 Nce4 15.
dxe6 Nxc3 16. exd7+ Kd8 17. Qd4 Nce4 18. b4 Rg7 19. Ba4 Qd6 20. Qb2 Qd2 21. Bc2
Qc3 22. Qxc3 Nxc3 23. Bxf5 a5 24. Be6 Ke7 25. Nf7 Rxf7 26. Bxf7 Kxf7 27. Rac1
axb4 28. axb4 Nce4 29. Ra1 Nxd7 30. Rxa8 Bxa8 31. Ra1 Bb7 32. Rd1 Ke6 33. Rd4
c5 34. bxc5 bxc5 35. Rd3 Ba6 36. Rd1 Bxc4 37. Rc1 Ne5 38. h3 gxh3 39. f4 h2+
40. Kh1 Ng4 41. g3 Bd5 42. Kg2 Nef2+ 43. Kf1 h1=Q+ 44. Ke2 Bc4+ 45. Kd2 Ne4+
46. Kc2 Qg2+ 47. Kb1 Qa2# 0-1

[Event "II. CLANSKA LIGA ZAHOD 2018"]
[Site "Komenda"]
[Date "2018.11.10"]
[Round "2.5"]
[White "Jersic, Aleks"]
[Black "Vodnik, Val"]
[Result "1-0"]
[WhiteElo "1650"]
[BlackElo "1056"]
[PlyCount "60"]
[EventDate "2018.11.10"]
[WhiteTeam "SK LJUBLJANA"]
[BlackTeam "SD VRHNIKA"]

1. e4 e5 2. Nf3 Nc6 3. Bc4 Bc5 4. b4 Bxb4 5. c3 Ba5 6. d4 d6 7. Qa4 a6 8. Qb3
Qe7 9. O-O Nf6 10. dxe5 dxe5 11. Nbd2 O-O 12. Ba3 Qe8 13. Bxf8 Qxf8 14. Ng5 Be6
15. Nxe6 fxe6 16. Bxe6+ Kh8 17. Nc4 Re8 18. Bd5 Bb6 19. Nxb6 cxb6 20. Qxb6 Nxd5
21. exd5 Nd8 22. Rfe1 Qa3 23. Qb3 Qc5 24. Re2 Nf7 25. Qxb7 Qxc3 26. Rae1 Ng5
27. Qc6 Qxc6 28. dxc6 Nf7 29. c7 Rc8 30. Rb2 Rxc7 1-0

[Event "II. CLANSKA LIGA ZAHOD 2018"]
[Site "Komenda"]
[Date "2018.11.10"]
[Round "2.6"]
[White "Stanar, Luka"]
[Black "Topolovec, Vid"]
[Result "0-1"]
[WhiteElo "1694"]
[BlackElo "1671"]
[PlyCount "76"]
[EventDate "2018.11.10"]
[WhiteTeam "SD VRHNIKA"]
[BlackTeam "SK LJUBLJANA"]

1. g3 d5 2. d4 Nf6 3. Nd2 e6 4. Bg2 c5 5. e3 cxd4 6. exd4 Nc6 7. Ngf3 Bd6 8.
O-O b6 9. b3 Ba6 10. Re1 O-O 11. Bb2 Rc8 12. c3 Re8 13. a4 Qc7 14. b4 Bd3 15.
Re3 Be4 16. b5 Na5 17. Re1 h6 18. Qc1 Be7 19. Nxe4 Nxe4 20. Re3 Nb3 21. Qd1
Nxa1 22. Bxa1 Qd6 23. Qc1 Rc4 24. Qc2 Qa3 25. Bb2 Qxa4 26. Qc1 Rec8 27. Nd2
Rxd4 28. Nxe4 Rd1+ 29. Qxd1 Qxd1+ 30. Bf1 dxe4 31. Rxe4 Qb3 32. Re2 Rd8 33. Kg2
Rd1 34. h4 Rb1 35. Kh3 Rxf1 36. Bc1 Qd5 37. Rd2 Rh1+ 38. Kg4 Qf5# 0-1

[Event "II. CLANSKA LIGA ZAHOD 2018"]
[Site "Komenda"]
[Date "2018.11.10"]
[Round "2.1"]
[White "Brezovar, Matjaz"]
[Black "Juhant, Igor"]
[Result "1/2-1/2"]
[WhiteElo "2209"]
[BlackElo "1987"]
[PlyCount "79"]
[EventDate "2018.11.10"]
[WhiteTeam "SK DOLENJSKE TOPLICE"]
[BlackTeam "SK KOMENDA"]

1. Nf3 Nf6 2. c4 c5 3. g3 Nc6 4. Bg2 e6 5. O-O Be7 6. Nc3 O-O 7. d4 cxd4 8.
Nxd4 Qb6 9. Nc2 Rd8 10. Ne3 d6 11. b3 Bd7 12. Bb2 Rac8 13. Ne4 Nxe4 14. Bxe4 f5
15. Bg2 Rf8 16. Qd2 Rcd8 17. Kh1 Qc7 18. Rfd1 Ne5 19. Qd4 Rf7 20. Rac1 b6 21.
f4 Ng6 22. Qd3 Bc6 23. Nd5 Qb7 24. Nxe7+ Nxe7 25. Bxc6 Qxc6+ 26. Qf3 Qxf3+ 27.
exf3 Nc6 28. Kg2 Rfd7 29. Kf2 Kf7 30. g4 g6 31. Rd2 fxg4 32. fxg4 e5 33. Kf3
exf4 34. Kxf4 Re7 35. Rcd1 Re6 36. g5 Ne7 37. Bf6 Rd7 38. Bxe7 Kxe7 39. Rd4 Rd8
40. R4d3 1/2-1/2

[Event "II. CLANSKA LIGA ZAHOD 2018"]
[Site "Komenda"]
[Date "2018.11.10"]
[Round "2.2"]
[White "Kralj, Nejc"]
[Black "Luzar, Emil"]
[Result "0-1"]
[WhiteElo "1734"]
[BlackElo "2115"]
[PlyCount "54"]
[EventDate "2018.11.10"]
[WhiteTeam "SK KOMENDA"]
[BlackTeam "SK DOLENJSKE TOPLICE"]

1. e4 c5 2. Nf3 d6 3. d4 cxd4 4. Nxd4 Nf6 5. Nc3 g6 6. Be3 Bg7 7. Bc4 O-O 8. f3
Nc6 9. Qd2 Nd7 10. O-O-O Nb6 11. Bb3 Na5 12. Qd3 Bd7 13. Kb1 Rc8 14. g4 Nbc4
15. Bc1 a6 16. h4 b5 17. h5 e5 18. Nde2 b4 19. Nd5 Bb5 20. Bxc4 Nxc4 21. Qb3
Na3+ 22. bxa3 Bxe2 23. Rde1 Bc4 24. Qe3 Bxd5 25. exd5 Rc3 26. Qe4 bxa3 27. Bxa3
Rxa3 0-1

[Event "II. CLANSKA LIGA ZAHOD 2018"]
[Site "Komenda"]
[Date "2018.11.10"]
[Round "2.3"]
[White "Muhic, Jure"]
[Black "Novakovic, Novica"]
[Result "1/2-1/2"]
[WhiteElo "1848"]
[BlackElo "1686"]
[PlyCount "57"]
[EventDate "2018.11.10"]
[WhiteTeam "SK DOLENJSKE TOPLICE"]
[BlackTeam "SK KOMENDA"]

1. c4 e6 2. Nc3 d5 3. g3 Nf6 4. Bg2 c6 5. Nf3 Be7 6. O-O O-O 7. d4 b6 8. b3 Bb7
9. Bb2 Nbd7 10. Rc1 Rc8 11. Re1 c5 12. cxd5 Nxd5 13. Nxd5 Bxd5 14. e4 Bb7 15.
Qe2 Nf6 16. Ne5 Rc7 17. Red1 Qa8 18. f3 Rd8 19. Kh1 Qb8 20. dxc5 Rxc5 21. Rxd8+
Qxd8 22. Rxc5 Bxc5 23. Qd3 Qxd3 24. Nxd3 Be7 25. Ne5 Bc5 26. Nd3 Be7 27. Ne5
Bc5 28. Nd3 Be7 29. Ne5 1/2-1/2

[Event "II. CLANSKA LIGA ZAHOD 2018"]
[Site "Komenda"]
[Date "2018.11.10"]
[Round "2.4"]
[White "More, Erlend"]
[Black "Janko, Roman"]
[Result "0-1"]
[WhiteElo "1579"]
[BlackElo "1869"]
[PlyCount "62"]
[EventDate "2018.11.10"]
[WhiteTeam "SK KOMENDA"]
[BlackTeam "SK DOLENJSKE TOPLICE"]

1. d4 d5 2. c4 dxc4 3. Nc3 e5 4. d5 f5 5. e4 Nf6 6. exf5 Bxf5 7. Bxc4 Bd6 8.
Nf3 O-O 9. O-O a6 10. a3 Nbd7 11. b4 b5 12. Bb3 Bg4 13. h3 Bh5 14. Qd3 Qe7 15.
Ng5 Bg6 16. Qe2 h6 17. Ne6 Rf7 18. Be3 Nf8 19. Nxf8 Raxf8 20. Bc2 e4 21. Bd4
Re8 22. Rfe1 Be5 23. Qd2 Qd6 24. Bxe5 Rxe5 25. Rad1 Rfe7 26. Re3 Kh8 27. f4
exf3 28. Rxe5 Rxe5 29. Bxg6 Rg5 30. Qxg5 hxg5 31. Re1 Qg3 0-1

[Event "II. CLANSKA LIGA ZAHOD 2018"]
[Site "Komenda"]
[Date "2018.11.10"]
[Round "2.5"]
[White "Gorse, Damjan"]
[Black "Zidar, Jernej"]
[Result "0-1"]
[WhiteElo "1797"]
[BlackElo "1511"]
[PlyCount "72"]
[EventDate "2018.11.10"]
[WhiteTeam "SK DOLENJSKE TOPLICE"]
[BlackTeam "SK KOMENDA"]

1. e4 c5 2. Nf3 d6 3. d4 cxd4 4. Nxd4 Nf6 5. Nc3 a6 6. h3 e5 7. Nb3 h5 8. Bg5
Be7 9. Qd2 Be6 10. Be2 Nbd7 11. O-O-O Rc8 12. Kb1 Rxc3 13. Qxc3 Nxe4 14. Qf3
Nxg5 15. Qxb7 Nf6 16. Bxa6 O-O 17. f3 h4 18. Rhe1 Qd7 19. Qb4 Nd5 20. Qd2 Qa4
21. Bb7 Nf4 22. Re3 Qa7 23. Be4 Nxg2 24. Rc3 Nf4 25. Nc1 d5 26. Qe1 dxe4 27.
fxe4 Bb4 28. Qxh4 Bxc3 29. Qxg5 Rb8 30. Nb3 f6 31. Qg3 Bb4 32. h4 Ra8 33. a3
Bxa3 34. bxa3 Qxa3 35. Rg1 Qa2+ 36. Kc1 Ne2+ 0-1

[Event "II. CLANSKA LIGA ZAHOD 2018"]
[Site "Komenda"]
[Date "2018.11.10"]
[Round "2.6"]
[White "Perme, Martin"]
[Black "Volf, Zdravko"]
[Result "0-1"]
[WhiteElo "1201"]
[BlackElo "2001"]
[PlyCount "106"]
[EventDate "2018.11.10"]
[WhiteTeam "SK KOMENDA"]
[BlackTeam "SK DOLENJSKE TOPLICE"]

1. e4 e5 2. Nf3 d6 3. h3 Be7 4. Bc4 Nf6 5. d3 Nc6 6. Nc3 Na5 7. Bb3 Nxb3 8.
axb3 O-O 9. Be3 a6 10. Qd2 c6 11. g4 Be6 12. g5 Nd7 13. h4 d5 14. exd5 cxd5 15.
d4 e4 16. Nh2 f5 17. gxf6 Bxf6 18. O-O-O b5 19. Rdg1 Rf7 20. h5 Nf8 21. Ng4
Bxg4 22. Rxg4 Rc8 23. Rhg1 Kh8 24. Bg5 Rcc7 25. Bxf6 Rxf6 26. Qg5 Rd7 27. Nxd5
Ne6 28. Qh4 Rxd5 29. Rxe4 Rxd4 30. Rxd4 Qxd4 31. Qh1 h6 32. Qa8+ Nf8 33. Qb7
Rxf2 34. Rd1 Qc5 35. c3 Qg5+ 36. Kb1 Qxh5 37. Rg1 Ng6 38. Qxa6 Rf6 39. Qa8+ Kh7
40. Qb7 Qf5+ 41. Ka2 Qf2 42. Rd1 Rb6 43. Qd5 Qc2 44. Ka3 b4+ 45. Ka4 bxc3 46.
Qc5 Qxb3+ 47. Ka5 Rb8 48. Qc6 Qxd1 49. bxc3 Qa1+ 50. Qa4 Qxc3+ 51. Ka6 Qc8+ 52.
Ka5 Qc7+ 53. Ka6 Qb6# 0-1

[Event "II. CLANSKA LIGA ZAHOD 2018"]
[Site "Komenda"]
[Date "2018.11.10"]
[Round "2.1"]
[White "Buha, Drago"]
[Black "Skoberne, Jure"]
[Result "0-1"]
[WhiteElo "1950"]
[BlackElo "2572"]
[PlyCount "46"]
[EventDate "2018.11.10"]
[WhiteTeam "SD RADOVLJICA"]
[BlackTeam "SD POSOCJE"]

1. d4 Nf6 2. Nc3 d5 3. Bf4 e6 4. e3 a6 5. Bd3 c5 6. dxc5 Nbd7 7. b4 e5 8. Bg5
Be7 9. Bf5 a5 10. a3 O-O 11. Bxd7 Bxd7 12. Bxf6 Bxf6 13. Nxd5 Bc6 14. e4 axb4
15. axb4 Rxa1 16. Nxf6+ Qxf6 17. Qxa1 Qg6 18. Ne2 Qxg2 19. Ng3 h5 20. Ke2 Bxe4
21. Qxe5 Qf3+ 22. Ke1 Rd8 23. Qa1 Bxc2 0-1

[Event "II. CLANSKA LIGA ZAHOD 2018"]
[Site "Komenda"]
[Date "2018.11.10"]
[Round "2.2"]
[White "Biti, Ozren"]
[Black "Prestrl, Jozef"]
[Result "1-0"]
[WhiteElo "2368"]
[BlackElo "1877"]
[PlyCount "87"]
[EventDate "2018.11.10"]
[WhiteTeam "SD POSOCJE"]
[BlackTeam "SD RADOVLJICA"]

1. e4 c6 2. d4 d5 3. e5 Bf5 4. Nd2 e6 5. Nb3 Nd7 6. Nf3 Bg4 7. h3 Bxf3 8. Qxf3
Qb6 9. Bd2 a5 10. a4 Bb4 11. c3 Bf8 12. Qd1 Ne7 13. Bd3 g6 14. O-O Bg7 15. Ra3
O-O 16. Qe1 Qc7 17. f4 c5 18. Nxc5 Nxc5 19. dxc5 Qxc5+ 20. Be3 Qc8 21. Qf2 Nc6
22. Bc5 Rd8 23. Rb3 Bf8 24. Bb6 Rd7 25. Bb5 Be7 26. Kh1 Bd8 27. Be3 Be7 28. g4
Rd8 29. Bb6 Rf8 30. Bd3 f5 31. Qg2 Qd7 32. gxf5 exf5 33. Rb5 Na7 34. Qxd5+
Qxd5+ 35. Rxd5 Nc8 36. Be3 Rd8 37. Bc4 Kg7 38. Rfd1 Rxd5 39. Rxd5 Kf8 40. Rd7
b6 41. Rc7 h6 42. Be6 Bd8 43. Rxc8 Rxc8 44. Bxc8 1-0

[Event "II. CLANSKA LIGA ZAHOD 2018"]
[Site "Komenda"]
[Date "2018.11.10"]
[Round "2.3"]
[White "Pretnar, Bostjan"]
[Black "Podlesnik, Bogdan"]
[Result "0-1"]
[WhiteElo "1755"]
[BlackElo "2343"]
[PlyCount "85"]
[EventDate "2018.11.10"]
[WhiteTeam "SD RADOVLJICA"]
[BlackTeam "SD POSOCJE"]

1. Nf3 c5 2. Nc3 Nc6 3. e4 e6 4. d4 cxd4 5. Nxd4 Nf6 6. Bc4 Bb4 7. f3 O-O 8.
Nxc6 bxc6 9. Bg5 d5 10. e5 Qc7 11. Qd4 Nd7 12. Bd3 Qxe5+ 13. Qxe5 Nxe5 14.
O-O-O f6 15. Be3 Nxd3+ 16. cxd3 e5 17. d4 Be6 18. a3 Be7 19. f4 exd4 20. Bxd4
Bd6 21. Rhf1 c5 22. Bg1 d4 23. Ne4 Be7 24. f5 Bd5 25. Rfe1 Rfe8 26. g4 Bf8 27.
Nd2 a5 28. h4 a4 29. Kc2 Kf7 30. Kd3 Reb8 31. Rb1 Ba2 32. Rbc1 Rxb2 33. Ne4 Re8
34. Bxd4 Rb3+ 35. Bc3 Rxa3 36. Nd2 Rd8+ 37. Kc2 Bb3+ 38. Nxb3 axb3+ 39. Kb2 c4
40. Re4 Ra2+ 41. Kb1 Ra4 42. Bb2 Rc8 43. Rc3 {nejasno (68)} 0-1

[Event "II. CLANSKA LIGA ZAHOD 2018"]
[Site "Komenda"]
[Date "2018.11.10"]
[Round "2.4"]
[White "Beletic, Danijel"]
[Black "Torkar, Boris"]
[Result "1/2-1/2"]
[WhiteElo "2364"]
[BlackElo "1820"]
[PlyCount "79"]
[EventDate "2018.11.10"]
[WhiteTeam "SD POSOCJE"]
[BlackTeam "SD RADOVLJICA"]

1. d4 d5 2. Bf4 Bf5 3. e3 e6 4. Nf3 Nf6 5. c4 dxc4 6. Bxc4 Be7 7. Qb3 Qc8 8.
Nc3 c6 9. h3 O-O 10. Nh4 Bg6 11. Nxg6 hxg6 12. O-O Nbd7 13. Rac1 Nb6 14. Bd3
Qd7 15. Rfd1 Nbd5 16. Be5 Nxc3 17. bxc3 Nd5 18. c4 Nb6 19. Rb1 c5 20. dxc5 Bxc5
21. Bxg6 Qc6 22. Bh5 Be7 23. Rdc1 Qc5 24. Qb5 Rac8 25. Bd4 Qxb5 26. Rxb5 Ba3
27. Rc3 Nxc4 28. Rxb7 a5 29. Be2 Nd6 30. Rxc8 Rxc8 31. Rb3 Bc5 32. Bxc5 Rxc5
33. Rb8+ Kh7 34. Bd3+ g6 35. Rd8 Rd5 36. Ba6 Rd1+ 37. Kh2 Rd2 38. Kg1 Rd1+ 39.
Kh2 Rd2 40. Kg1 1/2-1/2

[Event "II. CLANSKA LIGA ZAHOD 2018"]
[Site "Komenda"]
[Date "2018.11.10"]
[Round "2.5"]
[White "Kocevar, Tugomir"]
[Black "Ursic, Mateja"]
[Result "0-1"]
[WhiteElo "1864"]
[BlackElo "1985"]
[PlyCount "66"]
[EventDate "2018.11.10"]
[WhiteTeam "SD RADOVLJICA"]
[BlackTeam "SD POSOCJE"]

1. e4 e5 2. f4 d5 3. Nf3 exf4 4. exd5 Bd6 5. d4 Ne7 6. Bb5+ c6 7. dxc6 Nbxc6 8.
O-O O-O 9. c4 Bg4 10. Nc3 Bc7 11. Bxc6 bxc6 12. d5 cxd5 13. cxd5 Nf5 14. Qa4
Qd6 15. Ne2 Bb6+ 16. Kh1 Ne3 17. Bxe3 Bxe3 18. Rad1 Rab8 19. b3 Bd7 20. Qe4
Rfe8 21. Qc2 Rbc8 22. Qd3 Qc5 23. Ng5 Qc2 24. Qxc2 Rxc2 25. Nxf4 h6 26. Nxf7
Kxf7 27. Ne6+ Kg8 28. Rf3 Bb6 29. h4 Bxe6 30. dxe6 Rxe6 31. Rd7 Re1+ 32. Kh2
Bc7+ 33. Kh3 h5 0-1

[Event "II. CLANSKA LIGA ZAHOD 2018"]
[Site "Komenda"]
[Date "2018.11.10"]
[Round "2.6"]
[White "Ursic, Jakob"]
[Black "Krivec, Metod"]
[Result "0-1"]
[WhiteElo "1925"]
[BlackElo "1753"]
[PlyCount "60"]
[EventDate "2018.11.10"]
[WhiteTeam "SD POSOCJE"]
[BlackTeam "SD RADOVLJICA"]

1. e4 e6 2. d3 d5 3. Nd2 c5 4. Ngf3 Nc6 5. g3 Nf6 6. Bg2 Be7 7. O-O O-O 8. e5
Nd7 9. Re1 Qc7 10. Qe2 b6 11. Nf1 Bb7 12. h4 Rae8 13. Bf4 Kh8 14. N1h2 Qd8 15.
Ng5 Bxg5 16. hxg5 f6 17. gxf6 gxf6 18. exf6 Qxf6 19. c4 Nd4 20. Qd1 Qg7 21. Ng4
Rxf4 22. gxf4 Rg8 23. f3 dxc4 24. dxc4 Nf6 25. Kf2 Nh5 26. Rg1 Nxf4 27. Ne3 Qg6
28. b3 Qg3+ 29. Kf1 Bxf3 30. Qd2 Be2+ 0-1